000 01385nam a22002537i 4500
999 _c23064
_d23064
003 AR-CdUCM
008 240918b20182018 peado|| |||| 00| 0 spa d
040 _aMUNICIPALIDAD PROVINCIAL DEL CUSCO
_cBIBLIOTECA MUNICIPAL DEL CUSCO
041 _hspa
082 _2Primera edición
_a658.8 / M43
_bM43
100 _aMercado Zegarra, Leopoldo
_950681
245 _aMarketing Fundamental /
260 _aCusco :
_bInSigth Editores E.I.R.L.
_c2018
300 _a211 páginas. :
_c26 cm.
500 _zBibliografía: página 215
505 _aIntroducción al marketing -- Carencias -- Necesidad -- Deseo -- Demanda -- Pirámide de Maslow -- Satisfactor -- Productos, servicios -- Experiencia -- Valor -- Emprendimiento -- Visión general del marketing -- Orientación empresarial a la producción -- ¿Qué es el Marketing? -- Marketing del siglo 21 -- Evolución del Marketing -- Etapa de la autosuficiencia económica -- Etapa del trueque -- Etapa de los mercados locos -- Etapa de la revolución industrial y su influencia en el desarrollo del mercadeo -- Etapa de producción en masa -- Marketing en el siglo XXI -- Marketing Holístico
650 _aMarketing
_912422
650 _aPlanificación estratégica
_912711
650 _aMatriz FODA
_950532
650 _aTics y marketing
_950533
650 _aMarketing mix
_950534
942 _2ddc
_cLIBROS
945 _apbj
_d2024/09/18